000 00367cam a2200157ua 4500
020 _cRs.1
041 _aeng
_h
082 _a891.54
_bPRE/BE
100 _aPremchand, .
245 _aBetomvali vidhave /
_cpremchand.
_hTextual Documents
260 _a :
_bHamp prakash ,
_c1963.
300 _a104 ; .
365 _aRs.1
504 _a
999 _c11628
_d11628